Discrete Choice Analysis Theory and Application to Travel Demand

Saved in:
Bibliographic Details
Main Author: Ben-Akiva, Moshe E.
Other Authors: Lerman, Steven R.
Format: Book
Language:English
Published: Cambridge <The> MIT Press 1985
Series:MIT Press Series in Transportation Studies
Subjects:
Tags: Add Tag
No Tags, Be the first to tag this record!

MARC

LEADER 00000nam a2200000 4500
001 0277190
005 20240111123323.0
020 |a 978-0-262-53640-0 
020 |a 978-0-262-02217-0 
041 0 |a eng 
044 |a US 
245 1 0 |a Discrete Choice Analysis  |b Theory and Application to Travel Demand  |c Moshe Ben-Akiva, Steven R. Lerman 
264 1 |a Cambridge  |b <The> MIT Press  |c 1985 
300 |a 390 s. 
490 1 |a MIT Press Series in Transportation Studies 
830 0 |a MIT Press Series in Transportation Studies 
610 2 0 |a doprava 
610 2 0 |a dopyt 
610 2 0 |a teórie ekonomické 
610 2 0 |a analýzy 
610 2 0 |a modelovanie ekonometrické 
610 2 0 |a modely matematické 
100 1 |a Ben-Akiva, Moshe E. 
700 1 |a Lerman, Steven R.